Statistiken für Ländercodes von Südamerika

Klicken Sie hier um das Quiz zu spielen!

Allgemein

  • Dieses Quiz wurde 118 mal gespielt
  • Das Durchschnittsergebnis liegt bei 12 aus 12

Antwortstatistiken

LänderkürzelLand% Korrekt
ARArgentinien
100%
BOBolivien
100%
BRBrasilien
100%
ECEcuador
98%
VEVenezuela
98%
COKolumbien
96%
PEPeru
96%
UYUruguay
96%
PYParaguay
95%
CLChile
92%
GYGuyana
92%
SRSuriname
89%

Verteilung der Resultate

Perzentil nach korrekt beantworteten Fragen

Anzahl Personen mit jedem Resultat

Ihre Resultats-Entwicklung

Sie haben dieses Quiz noch nicht gespielt